Remember these things : 2 Peter, 2 & 3 John, and Jude; (Record no. 3150)

MARC details
000 -LEADER
fixed length control field 00517nam a22001817a 4500
003 - CONTROL NUMBER IDENTIFIER
control field OSt
005 - DATE AND TIME OF LATEST TRANSACTION
control field 20181024212718.0
008 - FIXED-LENGTH DATA ELEMENTS--GENERAL INFORMATION
fixed length control field 181016b ||||| |||| 00| 0 eng d
040 ## - CATALOGING SOURCE
Transcribing agency DLC
082 ## - DEWEY DECIMAL CLASSIFICATION NUMBER
Classification number 227.9
Item number R569R
100 ## - MAIN ENTRY--PERSONAL NAME
Personal name Riggs, Jack
245 ## - TITLE STATEMENT
Title Remember these things : 2 Peter, 2 & 3 John, and Jude;
Remainder of title Adult Teacher
Statement of responsibility, etc. By Jack Riggs.
260 ## - PUBLICATION, DISTRIBUTION, ETC.
Place of publication, distribution, etc. Illinois, USA :
Date of publication, distribution, etc. 1990.
Name of publisher, distributor, etc. Regular Baptist Press,
300 ## - PHYSICAL DESCRIPTION
Extent 109 p.:
440 ## - SERIES STATEMENT/ADDED ENTRY--TITLE
Title Adult Teacher
650 ## - SUBJECT ADDED ENTRY--TOPICAL TERM
Topical term or geographic name entry element 2 Peter, 2 & 3 John, and Jude
942 ## - ADDED ENTRY ELEMENTS (KOHA)
Source of classification or shelving scheme Dewey Decimal Classification
Koha item type Books
Holdings
Withdrawn status Lost status Source of classification or shelving scheme Damaged status Not for loan Collection code Home library Current library Shelving location Date acquired Cost, normal purchase price Total Checkouts Full call number Barcode Date last seen Price effective from Koha item type
    Dewey Decimal Classification     Non-fiction Harvest Mission College Harvest Mission College General Stacks 24.10.2018 230.00   227.9 R569R 002460 24.10.2018 24.10.2018 Books

OPAC Designed and Maintained by HMC Library Team.
Copyright © HMC Library,Greater Noida, UP.
For any Suggestions/Query Contact library via Email:libhmc@gmail.com